000 00498nam a22001697a 4500
003 OSt
005 20220907045225.0
008 160205b xxu||||| |||| 00| 0 eng d
040 _cMMU
_aMMU
_beng
_dMMU
050 _aDT433.522
_b .K465 1983
245 _aKenya:
_bofficial handbook/
_cGovernment of the republic of kenya.
260 _aNairobi :
_bGovernment of the republic of kenya,.
_c1983.
300 _a236 p. :
_bill. ;
500 _aIncludes index.
650 _aKenya
942 _2lcc
_cLOAN LOAN
999 _c16388
_d16388